000
00280nam a2200109Ia 4500
008
200302s9999 xx 000 0 und d
100
_a
Rupert Spade
245
_a
Library of Conntemporary Architects Paul Rudolph
260
_b
Thames and Hudson Ltd.
260
_c
1971
300
_a
133 P.,
999
_c
87
_d
87